[Event "Kharkov Matskevich Memorial"]
[Site "Kharkov"]
[Date "2009.07.13"]
[Round "6"]
[White "Gomozov, Igor"]
[Black "Kislinsky, Alexey"]
[Result "1/2-1/2"]
[WhiteElo "2298"]
[BlackElo "2455"]
[PlyCount "35"]
[EventDate "2009.07.09"]
[EventType "tourn"]
[EventRounds "9"]
[EventCountry "UKR"]
[EventCategory "6"]
[SourceTitle "CBM 131 Extra"]
[Source "ChessBase"]
[SourceDate "2009.09.03"]
[SourceVersion "2"]
[SourceVersionDate "2009.09.16"]
[SourceQuality "1"]

1. e4 c5 2. Nf3 Nc6 3. Bb5 g6 4. 0-0 Bg7 5. c3 Nf6 6. Re1 0-0 7. d4 cxd4 8. cxd4 d5 9. e5 Ne4 10. Nbd2 Nxd2 11. Bxd2 Bg4 12. Bxc6 bxc6 13. h3 Bxf3 14. Qxf3 f6 15. exf6 Bxf6 16. Qd3 Qb6 17. Bc3 Rf7 18. Re6 1/2-1/2

[Event "Kharkov Matskevich Memorial"]
[Site "Kharkov"]
[Date "2009.07.12"]
[Round "4"]
[White "Gomozov, Igor"]
[Black "Averjanov, Alexey"]
[Result "0-1"]
[WhiteElo "2298"]
[BlackElo "2395"]
[PlyCount "34"]
[EventDate "2009.07.09"]
[EventType "tourn"]
[EventRounds "9"]
[EventCountry "UKR"]
[EventCategory "6"]
[SourceTitle "CBM 131 Extra"]
[Source "ChessBase"]
[SourceDate "2009.09.03"]
[SourceVersion "2"]
[SourceVersionDate "2009.09.16"]
[SourceQuality "1"]

1. e4 e5 2. f4 exf4 3. Nf3 g5 4. Bc4 Bg7 5. d4 d6 6. 0-0 Nc6 7. c3 h6 8. g3 Bh3 9. Rf2 Qd7 10. gxf4 Nf6 11. e5 Ne4 12. e6 fxe6 13. Re2 d5 14. Bd3 e5 15. Nxe5 Nxe5 16. dxe5 Qg4+ 17. Kh1 Nf2+ 0-1

[Event "Kharkov Matskevich Memorial"]
[Site "Kharkov"]
[Date "2009.07.11"]
[Round "3"]
[White "Shpagin, Vlas"]
[Black "Gomozov, Igor"]
[Result "1/2-1/2"]
[WhiteElo "2369"]
[BlackElo "2298"]
[PlyCount "28"]
[EventDate "2009.07.09"]
[EventType "tourn"]
[EventRounds "9"]
[EventCountry "UKR"]
[EventCategory "6"]
[SourceTitle "CBM 131 Extra"]
[Source "ChessBase"]
[SourceDate "2009.09.03"]
[SourceVersion "2"]
[SourceVersionDate "2009.09.16"]
[SourceQuality "1"]

1. d4 Nf6 2. Bg5 Ne4 3. Bf4 d5 4. Nd2 Nxd2 5. Qxd2 Bf5 6. e3 e6 7. Nf3 Bd6 8. Bd3 Bxd3 9. Qxd3 Bxf4 10. exf4 0-0 11. 0-0 h6 12. f5 exf5 13. Qxf5 Qd7 14. Qxd7 Nxd7 1/2-1/2

[Event "Kharkov Matskevich Memorial"]
[Site "Kharkov"]
[Date "2009.07.09"]
[Round "1"]
[White "Mischuk, Dmitry"]
[Black "Gomozov, Igor"]
[Result "1-0"]
[WhiteElo "2299"]
[BlackElo "2298"]
[PlyCount "111"]
[EventDate "2009.07.09"]
[EventType "tourn"]
[EventRounds "9"]
[EventCountry "UKR"]
[EventCategory "6"]
[SourceTitle "CBM 131 Extra"]
[Source "ChessBase"]
[SourceDate "2009.09.03"]
[SourceVersion "2"]
[SourceVersionDate "2009.09.16"]
[SourceQuality "1"]

1. d4 d5 2. c4 e6 3. Nc3 Nf6 4. Bg5 c5 5. cxd5 Qb6 6. Bxf6 Qxb2 7. Qc1 Qxc1+ 8. Rxc1 gxf6 9. Ne4 f5 10. Nxc5 exd5 11. e3 Bd6 12. g3 Nc6 13. Bg2 Nb4 14. Kd2 Nxa2 15. Rb1 a5 16. Bxd5 Nb4 17. Bxb7 Bxb7 18. Nxb7 Ke7 19. Nf3 Rhb8 20. Nxd6 Kxd6 21. Rhc1 f6 22. Rc5 Rc8 23. Rbc1 Rxc5 24. dxc5+ Kd5 25. Nd4 Rc8 26. Nxf5 Rxc5 27. e4+ Kc6 28. Ra1 Rc2+ 29. Ke3 Kb5 30. Nd4+ Kb6 31. Kf3 Rc3+ 32. Kg4 Rc4 33. Rd1 Rc5 34. f3 a4 35. Ne6 h5+ 36. Kh4 Rc6 37. Nf4 Nc2 38. Nd5+ Kc5 39. Kxh5 a3 40. Kg6 a2 41. h4 a1Q 42. Rxa1 Nxa1 43. Nxf6 Nb3 44. e5 Nd2 45. f4 Nf1 46. g4 Ne3 47. Kg5 Kd4 48. h5 Nd5 49. Nxd5 Kxd5 50. h6 Rc7 51. Kg6 Rc6+ 52. Kh5 Ke4 53. h7 Rc8 54. g5 Kf5 55. g6 Rc1 56. Kh6 1-0